Élimination par catégorie - Drapeaux nº2 - Statistiques

Statistiques générales
  • Ce quiz a été pris 93 856 fois
  • Le résultat moyen est 12 sur 20
Statistiques - réponses
Groupe # Catégorie % Correct
Vert 133 Drapeau qui ne comporte pas de noir
100%
Vert 34 ... et pas de blanc non plus
93%
Bleu 104 Drapeau qui comporte du bleu
88%
Orange 153 Drapeau qui comporte du rouge
87%
Orange 71 ... ainsi que du bleu
86%
Orange 19 ... dont le pays se trouve en Europe
86%
Violet 71 Drapeau avec du rouge et du bleu
83%
Violet 58 ... ainsi que du blanc
83%
Violet 43 ... dont le pays s'écrit en un seul mot
82%
Bleu 33 ... mais pas de rouge
79%
Vert 11 ... dont le pays est enclavé
57%
Bleu 10 ... qui est au moins à 70% bleu
49%
Violet 3 ... et qui comporte l'Union Jack
49%
Orange 4 ... qui comporte également du vert
43%
Vert 5 ... sur lequel on trouve du vert
34%
Bleu 4 ... comportant une étoile à 5 branches
33%
Orange 1 ... et qui est à plus de 30% vert Portugal
33%
Bleu 1 ... et dont le pays est en Afrique Somalie
26%
Violet 1 ... mais aucune étoile Fidji
25%
Vert 1 ... mais pas de rouge Rwanda
8%
Aucun quiz correspondant
Distribution des résultats
% des personnes avec chaque résultat
Percentile par nombre de réponses
Votre historique - résultats
Vous n’avez pas pris ce quiz